Normal view
MARC view
- محمود،سامي
Entry Personal Name
001 - CONTROL NUMBER
- control field: 18754
003 - CONTROL NUMBER IDENTIFIER
- control field: JO-AjAnu
005 - DATE AND TIME OF LATEST TRANSACTION
- control field: 20230606073304.0
008 - FIXED-LENGTH DATA ELEMENTS
- fixed length control field: 230606|| aca||aabn | a|a d
040 ## - CATALOGING SOURCE
- Original cataloging agency: JO-AjAnu
- Transcribing agency: JO-AjAnu
100 ## - HEADING--PERSONAL NAME
- Personal name: محمود،سامي
670 ## - SOURCE DATA FOUND
- Source citation: Work cat.: (JO-AjAnu)9626: محمود،سامي, author, انتشار الإسلام والدعوة الإسلامية:المسلمون من افريقيا-الاتحاد السوفييتي-اوروبا-تركيا-اسبانيا-تايلاند-بلجيكا-الفليبين-الصين-امريكا